Homme du match à la Coupe du Monde 2022 - Statistiques

Statistiques générales
  • Ce quiz a été pris 113 fois
    39 depuis la dernière actualisation
  • Le résultat moyen est 30 sur 64
Statistiques - réponses
Match Score Joueur % Correct
France - Australie 4 - 1 Kylian Mbappé
100%
France - Danemark 2 - 1 Kylian Mbappé
100%
France - Pologne 3 - 1 Kylian Mbappé
100%
Argentine - Mexique 2 - 0 Lionel Messi
100%
Argentine - Australie 2 - 1 Lionel Messi
100%
Pays-Bas - Argentine 2 - 2 pen(3-4) Lionel Messi
100%
Argentine - Croatie 3 - 0 Lionel Messi
100%
Argentine - France 3 - 3 pen(4-2) Lionel Messi
100%
Maroc - Croatie 0 - 0 Luka Modrić
94%
Croatie - Belgique 0 - 0 Luka Modrić
94%
Angleterre - Sénégal 3 - 0 Harry Kane
83%
Brésil - Corée du Sud 4 - 1 Neymar Jr
83%
Angleterre - France 1 - 2 Olivier Giroud
83%
France - Maroc 2 - 0 Antoine Griezmann
77%
Portugal - Ghana 3 - 2 Cristiano Ronaldo
77%
Belgique - Canada 1 - 0 Kevin De Bruyne
69%
Angleterre - Iran 6 - 2 Bukayo Saka
66%
Portugal - Suisse 6 - 1 Gonçalo Ramos
66%
Pologne - Arabie Saoudite 2 - 0 Robert Lewandowski
63%
Qatar - Équateur 0 - 2 Enner Valencia
60%
Sénégal - Pays-Bas 0 - 2 Cody Gakpo
57%
Espagne - Allemagne 1 - 1 Alvaro Morata
54%
Angleterre - États-Unis 0 - 0 Christian Pulisic
54%
Iran - États-Unis 0 - 1 Christian Pulisic
54%
Brésil - Serbie 2 - 0 Richarlison
54%
Canada - Maroc 1 - 2 Achraf Hakimi
51%
États-Unis - Pays de Galles 1 - 1 Gareth Bale
51%
Tunisie - France 1 - 0 Wahbi Khazri
51%
Maroc - Espagne 0 - 0 pen(3-0) Yassine Bounou
51%
Maroc - Portugal 1 - 0 Yassine Bounou
51%
Portugal - Uruguay 2 - 0 Bruno Fernandes
49%
Japon - Croatie 1 - 1 pen(1-3) Dominik Livaković
46%
Croatie - Brésil 1 - 1 pen(4-2) Dominik Livaković
46%
Cameroun - Serbie 3 - 3 Vincent Aboubakar
46%
Pays-Bas - Équateur 1 - 1 Frenkie de Jong
43%
Espagne - Costa Rica 7 - 0 Gavi
43%
Belgique - Maroc 0 - 2 Hakim Ziyech
43%
Mexique - Pologne 0 - 0 Guillermo Ochoa
40%
Costa Rica - Allemagne 2 - 4 Kai Havertz
40%
Brésil - Suisse 1 - 0 Casemiro
37%
Serbie - Suisse 2 - 3 Granit Xhaka
37%
Équateur - Sénégal 1 - 2 Kalidou Koulibaly
37%
Pays de Galles - Angleterre 0 - 3 Marcus Rashford
37%
Uruguay - Corée du Sud 0 - 0 Federico Valverde
34%
Croatie - Maroc 2 - 1 Joško Gvardiol
31%
Pays-Bas - États-Unis 3 - 1 Denzel Dumfries
29%
Croatie - Canada 4 - 1 Andrej Kramarić
26%
Suisse - Cameroun 1 - 0 Yann Sommer
26%
Pologne - Argentine 0 - 2 Alexis Mac Allister
23%
Corée du Sud - Ghana 2 - 3 Mohammed Kudus
17%
Arabie Saoudite - Mexique 1 - 2 Luis Chávez
14%
Qatar - Sénégal 1 - 3 Boulaye Dia
11%
Corée du Sud - Portugal 2 - 1 Hee-chan Hwang
11%
Pays-Bas - Qatar 2 - 0 Davy Klaasen
9%
Argentine - Arabie Saoudite 1 - 2 Mohammed Al-Owais
9%
Danemark - Tunisie 0 - 0 Aissa Laidouni
6%
Japon - Espagne 2 - 1 Ao Tanaka
3%
Japon - Costa Rica 0 - 1 Keysher Fuller
3%
Australie - Danemark 1 - 0 Mathew Leckie
3%
Allemagne - Japon 1 - 2 Shuichi Gonda
3%
Cameroun - Brésil 1 - 0 Devis Epassy
0%
Ghana - Uruguay 0 - 2 Giorgian de Arrascaeta
0%
Tunisie - Australie 0 - 1 Mitchell Duke
0%
Pays de Galles - Iran 0 - 2 Rouzbeh Chesmi
0%
Aucun quiz correspondant
Distribution des résultats
% des personnes avec chaque résultat
Percentile par nombre de réponses
Votre historique - résultats
Vous n’avez pas pris ce quiz depuis la dernière actualisation